000 00301nam a2200121Ia 4500
008 240731s9999 xx 000 0 und d
022 _a2049-7628
245 0 _aCape Town Convention Journal
260 _bRoutledge
856 _uhttps://www.tandfonline.com/loi/rcap20
942 _2ddc
942 _cTFEJ
999 _c75772
_d75772
945 _a1
_bMadushi Gamage
_c1
_dMadushi Gamage